Juyungo: historia de un negro, una isla y otros negros

Salvato in:
Dettagli Bibliografici
Autore principale: Ortiz, Adalberto (autor)
Natura: Libro
Lingua:spagnolo
Pubblicazione: Estella Salvat 1971
Serie:Biblioteca básica Salvat, 97
Soggetti:
Tags: Aggiungi Tag
Nessun Tag, puoi essere il primo ad aggiungerne!!

MARC

LEADER 00000nam a2200000 a 4500
001 UCH5535
003 CL-VaPUC
008 091014e19710000SP |||||||||||||||||spa|d
082 0 4 |a Ec863  |b ORT  |2 21 
100 |a Ortiz, Adalberto  |e autor  |9 541833 
245 1 0 |a Juyungo: historia de un negro, una isla y otros negros 
300 |a 228 p 
942 |c BK 
945 |d 20091014 00:00:00  |a ccalabra 
260 |a Estella  |b Salvat  |c 1971 
650 0 |a Literatura  |9 259151 
650 7 |a LITERATURA ECUATORIANA  |2 CL-VaPUC  |9 419346 
650 7 |a NOVELAS ECUATORIANAS  |2 CL-VaPUC  |9 326824 
650 0 |a Escritores  |9 313723 
650 0 |a Lectura  |9 307634 
650 0 |a Educación  |9 258661 
650 0 |a Ficción   |9 376687 
651 0 |a Ecuador  |9 258378 
583 |a last modification  |c 20091014 00:00:00  |k Rodrigo Vera 
490 0 |a Biblioteca básica Salvat, 97 
999 |c 336662  |d 336660